Automotive engines (Record no. 12154)

000 -LEADER
fixed length control field 00538nam a2200193 4500
001 - CONTROL NUMBER
control field 12154
003 - CONTROL NUMBER IDENTIFIER
control field BD-DhUET
008 - FIXED-LENGTH DATA ELEMENTS--GENERAL INFORMATION
fixed length control field 710511s1971 nyuah 001 0 eng
040 ## - CATALOGING SOURCE
Original cataloging agency DLC
Transcribing agency DLC
Modifying agency BD-DhUET
082 00 - DEWEY DECIMAL CLASSIFICATION NUMBER
Classification number 629.25
Item number CRO/1971
100 ## - MAIN ENTRY--PERSONAL NAME
Personal name Crouse, William H.
245 10 - TITLE STATEMENT
Title Automotive engines
Remainder of title construction, operation, and maintenance
250 ## - EDITION STATEMENT
Edition statement 4th ed.
260 ## - PUBLICATION, DISTRIBUTION, ETC. (IMPRINT)
Place of publication, distribution, etc. New York
Name of publisher, distributor, etc. McGraw-Hill
Date of publication, distribution, etc. 1971
300 ## - PHYSICAL DESCRIPTION
Extent 495 p.
Other physical details illus.
Dimensions 26 cm.
490 0# - SERIES STATEMENT
Series statement McGraw-Hill automotive technology series
650 #0 - SUBJECT ADDED ENTRY--TOPICAL TERM
Topical term or geographic name as entry element Automobiles
942 ## - ADDED ENTRY ELEMENTS (KOHA)
Koha item type General Book
Holdings
Sublocation or collection (holding branch) Damaged status Shelving location Lost status Copy number Koha item type Price effective from Date acquired Piece designation (barcode) Source of classification or shelving scheme Koha normalized classification for sorting Withdrawn status Not for loan Koha full call number Location (home branch) Koha date last seen
Central Library, BUET Circulation section 1General Book2015-02-242015-02-2431220 629_250000000000000_CRO_1971  629.25/CRO/1971Central Library, BUET2015-02-24
Central Library, BUET Circulation section 2General Book2015-02-262015-02-2634748 629_250000000000000_CRO_1971  629.25/CRO/1971Central Library, BUET2015-02-26
Central Library, BUET Circulation section 3General Book2015-05-112015-05-1131223 629_250000000000000_CRO_1971  629.25/CRO/1971Central Library, BUET2015-05-11
Central Library, BUET Circulation section 4General Book2015-05-112015-05-1131218 629_250000000000000_CRO_1971  629.25/CRO/1971Central Library, BUET2015-05-11
Central Library, BUET Reading section 5Reading Item2015-06-202015-06-2026344 629_250000000000000_CRO_1971  629.25/CRO/1971Central Library, BUET2015-06-20
Central Library, BUET Reading section 6Reading Item2015-06-302015-06-3031221 629_250000000000000_CRO_1971  629.25/CRO/1971Central Library, BUET2015-06-30